Liste des animaux dans Planet Zoo - Statistiques

Statistiques générales
  • Ce quiz a été pris 107 fois
    94 depuis la dernière actualisation
  • Le résultat moyen est 61 sur 166
Statistiques - réponses
DLC Type de quiz Réponse % Correct
Base Habitat Éléphant de savane d’Afrique
72%
Arctique Habitat Ours polaire
69%
Base Habitat Éléphant indien
67%
Base Habitat Hippopotame
66%
Base Habitat Zèbre des plaines
62%
Zones arides Habitat Dromadaire
60%
Australie Habitat Koala
55%
Base Habitat Lion d’Afrique de l’Ouest
55%
Base Habitat Panda roux
55%
Zones arides Habitat Rhinocéros noir
53%
Base Habitat Autruche d’Afrique
52%
Amérique du Sud Habitat Jaguar
52%
Australie Habitat Kangourou roux
52%
Base Habitat Panda géant
52%
Zones humides Habitat Capybara
50%
Base Habitat Crocodile marin
50%
Deluxe Habitat Dragon de Komodo
50%
Base Habitat Girafe réticulée
50%
Base Habitat Grizzly
50%
Deluxe Habitat Hippopotame nain
50%
Base Habitat Loup gris
50%
Base Habitat Panthère des neiges
50%
Amérique du Nord Habitat Puma
50%
Afrique Habitat Rhinocéros blanc du sud
50%
Afrique Habitat Suricate
50%
Base Habitat Varan du Nil
50%
Amérique du Nord Habitat Alligator d’Amérique
48%
Base Habitat Bison d’Amérique du Nord
48%
Base Habitat Guépard
48%
Base Habitat Lémur catta
48%
Base Habitat Paon bleu
48%
Crépuscule Habitat Raton laveur
48%
Base Habitat Rhinocéros indien
48%
Base Habitat Tigre de Sibérie
48%
Australie Habitat Casoar à casque
47%
Amérique du Nord Habitat Élan
47%
Amérique du Sud Habitat Lama
47%
Arctique Habitat Loup arctique
47%
Aquatique Habitat Loutre géante
47%
Crépuscule Habitat Renard roux
47%
Arctique Habitat Renne
47%
Base Habitat Tigre du Bengale
47%
Base Habitat Antilope d’Amérique
45%
Base Habitat Buffle d’Afrique
45%
Aquatique Habitat Caïman nain
45%
Australie Habitat Dingo
45%
Prairies Habitat Émeu
45%
Afrique Habitat Fennec
45%
Base Habitat Flamant rose
45%
Europe Habitat Lynx boréal
45%
Afrique Habitat Manchot du Cap
45%
Aquatique Habitat Manchot royal
45%
Base Habitat Vari roux
45%
Base Habitat Bonobo
43%
Zones humides Habitat Buffle sauvage d’Asie
43%
Base Habitat Gavial du Gange
43%
Zones humides Habitat Grue du Japon
43%
Base Habitat Okapi
43%
Asie du Sud Habitat Tapir de Malaisie
43%
Zones humides Habitat Caïman à lunettes
41%
Amérique du Nord Habitat Castor du Canada
41%
Amérique du Nord Habitat Chien de prairie à queue noire
41%
Prairies Habitat Gnou bleu
41%
Base Habitat Hyène tachetée
41%
Base Habitat Orang-outan de Bornéo
41%
Amérique du Nord Habitat Otarie de Californie
41%
Asie du Sud Habitat Ours malais
41%
Asie du Sud Habitat Panthère nébuleuse
41%
Base Habitat Phacochère commun
41%
Aquatique Habitat Phoque gris
41%
Base Vivarium Anaconda jaune
40%
Zones arides Habitat Âne sauvage de Somalie
40%
Base Habitat Cerf élaphe
40%
Conservation Habitat Cheval de Przewalski
40%
Europe Habitat Daim européen
40%
Base Habitat Gnou noir
40%
Base Habitat Oryctérope du Cap
40%
Conservation Habitat Oryx algazelle
40%
Amérique du Sud Habitat Tamanoir
40%
Asie du Sud Habitat Binturong
38%
Asie du Sud Habitat Dhole indien
38%
Base Habitat Lycaon
38%
Base Habitat Macaque japonais
38%
Base Habitat Ours Isabelle
38%
Base Habitat Ours noir de Taïwan
38%
Tropical Habitat Potamochère roux
38%
Base Habitat Tapir de Baird
38%
Base Habitat Tortue géante des Galápagos
38%
Europe Habitat Blaireau européen
36%
Base Habitat Chameau de Bactriane
36%
Prairies Habitat Hyène rayée
36%
Base Habitat Mandrill
36%
Base Habitat Oryx gazelle
36%
Amérique du Nord Habitat Renard polaire
36%
Amérique du Sud Habitat Sapajou capucin
36%
Base Habitat Vari noir et blanc
36%
Zones arides Habitat Chat des sables
34%
Zones arides Habitat Porc-épic à crête
34%
Tropical Habitat Fossa
34%
Deluxe Habitat Gazelle de Thomson
34%
Conservation Habitat Léopard de l'Amour
34%
Prairies Habitat Loup à crinière
34%
Zones humides Habitat Loutre cendrée
34%
Base Habitat Springbok
34%
Crépuscule Habitat Wombat commun
34%
Base Habitat Gorille des plaines de l’Ouest
33%
Base Habitat Hippotrague noir
33%
Crépuscule Vivarium Roussette d’Égypte
33%
Base Habitat Tortue géante des Seychelles
33%
Asie du Sud Habitat Babiroussa des Célèbes
31%
Europe Habitat Bouquetin des Alpes
31%
Base Habitat Chimpanzé verus
31%
Base Vivarium Iguane vert
31%
Zones humides Habitat Ornithorynque
31%
Aquatique Vivarium Tortue diamant
31%
Tropical Habitat Varan malais
31%
Zones arides Habitat Addax
29%
Conservation Vivarium Axolotl
29%
Tropical Habitat Gibbon à mains blanches
29%
Asie du Sud Habitat Nasique
29%
Base Habitat Nyala
29%
Base Habitat Pangolin de Chine
29%
Europe Vivarium Salamandre tachetée
29%
Conservation Habitat Siamang
29%
Base Habitat Bongo
28%
Prairies Habitat Caracal
28%
Arctique Habitat Mouflon de Dall
28%
Australie Vivarium Scinque à langue bleue
28%
Zones arides Vivarium Vipère à cornes
28%
Base Vivarium Boa constricteur
26%
Crépuscule Habitat Mouffette rayée
26%
Prairies Habitat Tatou à neuf bandes
26%
Amérique du Sud Vivarium Rainette aux yeux rouges
24%
Base Vivarium Vipère heurtante
24%
Prairies Habitat Wallaby de Bennett
24%
Amérique du Nord Vivarium Grenouille Taureau
22%
Prairies Vivarium Monarque
22%
Base Vivarium Araignée bananière
21%
Zones humides Habitat Cobe de Mrs Gray
21%
Base Vivarium Crotale diamantin de l'Ouest
21%
Zones arides Habitat Gazelle dama
21%
Prairies Vivarium Machaon
21%
Prairies Vivarium Morpho bleu
21%
Base Vivarium Scarabée Goliath
21%
Afrique Vivarium Scarabée sacré
21%
Base Vivarium Vipère de la mort
21%
Base Vivarium Monstre de Gila
19%
Prairies Vivarium Paon-du-jour
19%
Tropical Vivarium Paresseux à gorge brune
19%
Asie du Sud Vivarium Phyllie géante
19%
Base Vivarium Scorpion velu du désert
19%
Base Vivarium Serpent brun
19%
Base Vivarium Iguane des Petites Antilles
17%
Zones humides Vivarium Triton crêté du Danube
17%
Base Vivarium Escargot tigre
16%
Base Vivarium Mygale à pattes rouges
16%
Base Vivarium Grenouille Goliath
14%
Base Vivarium Mygale saumonée
14%
Prairies Vivarium Piéride des jardins
14%
Base Vivarium Blatte rhinocéros
12%
Base Vivarium Grenouille vénéneuse de Lehmann
12%
Base Vivarium Kokoï de Colombie
12%
Base Vivarium Mygale de Leblond
12%
Base Vivarium Scolopendre géante
12%
Base Vivarium Scorpion forestier géant
10%
Base Vivarium Titan
9%
Aucun quiz correspondant
Distribution des résultats
% des personnes avec chaque résultat
Percentile par nombre de réponses
Votre historique - résultats
Vous n’avez pas pris ce quiz depuis la dernière actualisation